000 00970 a2200217 4500
001 59510
005 20260407155849.0
008 260407a1955 arg spa d
003 AR-UNSa-BCEJYS
040 _aAR-UNSa-BCEJYS
_bspa
_cAR-UNSa-BCEJYS
080 _a330.14
_xCapital
245 1 0 _aProblema de formación de capital en los países insuficientemente desarrollados
250 _a2a. ed.
264 1 _aMéxico :
_bFondo de Cultura Económica
_c1955
300 _a172 p.
_c22 cm.
505 _a1. La magnitud del mercado y el estímulo a la inversión – 2. Población y oferta de capital – 3. El nivel de vida y la capacidad de ahorro – 4. Fuentes externas de capital – 5. Política comercial y formación de capital – 6. Tendencias recientes en la teoría de los movimientos internacionales de capital – 7. Las medidas internas
942 _cBK
590 _aniveau_biblio:m niveau_hierar:0
100 1 _aNurkse, Ragnar
700 1 _aChávez, Martha
999 _c6716
_d6716